000 00943nam a2200301 i 4500
001 000015328
003 DO-SdBNP
005 20240118125539.0
007 ta
008 100205s2005 dr a 001 0 spa d
020 _a9993455644
040 _aDO-SdBNP
_bspa
_cBNPHU
_erda
082 4 _a910.4
_bA795t
_222
100 1 _aArvelo Caamaño, Mario,
_934656
_eautor
245 1 0 _aTodas las luces /
_cMario Arvelo Caamaño.
264 _aSanto Domingo :
_bCorripio,
_c2003.
300 _a267 páginas :
_bilustraciones, retratos. ;
_c23 cm.
336 _2rdacontent
_atexto
_btxt
337 _2rdamedia
_asin mediación
_bn
338 _2rdacarrier
_avolumen
_bnc
500 _aIncluye índice de nombres
590 _aInventariado, 2024/BT
650 4 _aRelatos de viajes
_96949
650 4 _aViajeros dominicanos
_934657
650 4 _aDescripciones y viajes - tours
_934658
910 _aValidado. Control de calidad EMS
942 _2ddc
_cLBS1
999 _c14894
_d14894